Statistics for 10 biggest countries (multiple choice)

Click here to take the quiz!

General Stats

  • This quiz has been taken 16 times
  • The average score is 4 of 7

Answer Stats

QuestionAnswer% Correct
2ndCanada
100%
10thAlgeria
80%
7thIndia
70%
8thArgentina
50%
5thbrazil
50%
3rdUsa
50%
1stRussia
30%

Score Distribution

Percentile by Number Answered

Percent of People with Each Score

Your Score History

You have not taken this quiz